| 000 | 00511nam a22001577a 4500 | ||
|---|---|---|---|
| 999 |
_c8709 _d8709 |
||
| 008 | 201211b ||||| |||| 00| 0 eng d | ||
| 040 | _aBMS College of Architecture | ||
| 100 | _aDang, Chaitanya | ||
| 245 | _aInternational center for religious understanding | ||
| 300 | _aiv,77p. | ||
| 500 | _a1BM11AT015 | ||
| 502 |
_8B,Arch _NBMS College of Architecture, Visvesvaraya Technological University (VTU) _aProject report _d2015 |
||
| 650 | _aReligious | ||
| 700 |
_aYogeshwari K _eSoumya Koka |
||
| 942 |
_2ddc _cTHE |
||